000 01499nam a2200229 a 4500
008 150605s2006 ||||||||||||||||| || u
020 _a0955270006
050 _aLB 1590.3 Rei
100 _aReid, S. P
245 1 0 _aHigh performance thinking skills
_cby S. P. Reid
260 _aNottinghamshire, England
_c2006
300 _axiv, 242p.: ill.
350 _a35.53
650 _aCRITICAL THINKING--STUDY AND TEACHING
650 0 _aCRITICAL THINKING
995 _aMEDICAL LIBRARY OPEN ACCESS
_e903149
_FCBU-SCHOOL OF MEDICINE LIBRARY (Ndola)
_I35.53
_jLB 1590.3 Rei
_M5
_UAVAILABLE
_WAug 25, 2015
_y903149
_ZMedical Library Open Access Collection
995 _aANNEX COLLECTION (Main Library)
_e745582
_FCBU-MAIN LIBRARY (Kitwe)
_I35.53
_jLB 1590.3 Rei
_M1
_UAVAILABLE
_WAug 25, 2015
_y745582
_ZAnnex Low-Usage Collection
995 _aMAIN LIBRARY OPEN ACCESS
_e745585
_FCBU-MAIN LIBRARY (Kitwe)
_I35.53
_jLB 1590.3 Rei
_M4
_UAVAILABLE
_WAug 25, 2015
_y745585
_ZMain Library Open Access Collection
995 _aMAIN LIBRARY OPEN ACCESS
_e745583
_FCBU-MAIN LIBRARY (Kitwe)
_I35.53
_jLB 1590.3 Rei
_M2
_UOUT
_WAug 25, 2015
_y745583
_ZMain Library Open Access Collection
995 _aMEDICAL LIBRARY OPEN ACCESS
_e903150
_FCBU-SCHOOL OF MEDICINE LIBRARY (Ndola)
_I35.53
_jLB 1590.3 Rei
_M6
_UAVAILABLE
_WAug 25, 2015
_y903150
_ZMedical Library Open Access Collection
995 _aMAIN LIBRARY OPEN ACCESS
_e745584
_FCBU-MAIN LIBRARY (Kitwe)
_I35.53
_jLB 1590.3 Rei
_M3
_UAVAILABLE
_WAug 25, 2015
_y745584
_ZMain Library Open Access Collection
999 _c64154
_d64154